00251nam a2200097Ia 4500008004100000082000800041100002000049245006300069942000600132999001500138240331s9999 xx 000 0 und d bREA aRashtriya,A. ed 0aReaching for half the sky :ba reaader in women's movement cL c1919d1919